000 00618nam a2200217Ia 4500
005 20250425162846.0
008 250425s9999 xx 000 0 und d
020 _a9780880919463
041 _z
_heng
082 _a613.2
_pVAN
100 _aVan Horn, Linda
245 0 _aResearch: Successful Approaches in Nutrition and Dietetics
_cLinda Van Horn; Judith Beto
250 _a4th Edition
260 _aChicago
_bAcademy of Nutrition and Dietetics
_c2019
300 _a630 p.
_c27.9 cm.
650 _aInvestigación
650 _aNutrición - Dieta
700 _aBeto, Judith
942 _c01
010 _a117213
999 _c237879
_d237879